000 00471nam a2200193Ia 4500
005 20250423095538.0
008 250422s9999 xx 000 0 und d
020 _a9780702063060
050 _aQM 23.2 .S73/
100 _aStandring, Susan
245 0 _aGray’s anatomy: the anatomical of clinical practice
250 _a41st ed.
260 _aNew York
260 _bElsevier Limited
260 _c2016
300 _a1561 p
650 _aAnatomy.
942 _cBK
999 _c30600
_d30600